00223nam a2200097Ia 4500008004100000020001600041082001300057100001800070245002800088260000900116250520s9999 xx 000 0 und d a0 333662156 a949.7MAL aNeoel Malcolm 0aBosnia: A short history c1994